[Event "CCM7 - 14. ORDIX Open"]
[Site "Mainz"]
[Date "2007.??.??"]
[Round "8"]
[White "Sargissian, Gabriel"]
[Black "Karjakin, Sergey"]
[Result "0-1"]
[WhiteElo "2667"]
[BlackElo "2678"]
[PlyCount "126"]
[EventDate "2007.??.??"]
[EventType "rapid"]
[EventRounds "11"]
[EventCountry "GER"]
[Source "Mike Rosa"]
[SourceDate "2009.01.01"]

1. d4 d5 2. c4 c6 3. Nf3 Nf6 4. Nc3 e6 5. Bg5 h6 6. Bxf6 Qxf6 7. Qb3 dxc4 8.
Qxc4 Nd7 9. e3 g6 10. Be2 Bg7 11. O-O O-O 12. Rfd1 Qe7 13. Ne4 Rd8 14. Qc3 Nb6
15. Qc5 Nd5 16. Rac1 b6 17. Qxe7 Nxe7 18. Ne5 c5 19. Bf3 Rb8 20. Nc3 cxd4 21.
exd4 Bb7 22. Nb5 a6 23. Nc7 Nf5 24. Bxb7 Rxb7 25. Nc6 Rd6 26. Nxa6 Nxd4 27.
Nxd4 Bxd4 28. Kf1 f5 29. Rc4 Rbd7 30. Rc2 Kf7 31. Ke2 Bf6 32. Rxd6 Rxd6 33. Nb4
e5 34. Nc6 e4 35. b3 g5 36. a4 Ke6 37. b4 Kd5 38. b5 g4 39. Na7 f4 40. f3 exf3+
41. gxf3 Re6+ 42. Kf2 Bh4+ 43. Kg2 Re3 44. fxg4 f3+ 45. Kh3 f2+ 46. Kg2 Re1 47.
Rxf2 Bxf2 48. Kxf2 Re4 49. Kf3 Rxa4 50. Nc8 Kc5 51. Ne7 Ra3+ 52. Kg2 Kxb5 53.
Nf5 Kc4 54. Nxh6 b5 55. g5 Ra6 56. Nf5 b4 57. Ne3+ Kd3 58. Nd1 b3 59. h4 Kd2
60. Nb2 Kc2 61. Nc4 Kc3 62. Ne3 Rd6 63. h5 b2 0-1

[Event "CCM7 - 14. ORDIX Open"]
[Site "Mainz"]
[Date "2007.??.??"]
[Round "8"]
[White "Sasikiran, Krishnan"]
[Black "Jenni, Florian"]
[Result "1/2-1/2"]
[WhiteElo "2674"]
[BlackElo "2527"]
[PlyCount "167"]
[EventDate "2007.??.??"]
[EventType "rapid"]
[EventRounds "11"]
[EventCountry "GER"]
[Source "Mike Rosa"]
[SourceDate "2009.01.01"]

1. d4 Nf6 2. Nf3 e6 3. c4 b6 4. g3 Ba6 5. b3 b5 6. cxb5 Bxb5 7. Bg2 Bb4+ 8. Bd2
a5 9. a3 Bxd2+ 10. Qxd2 Bc6 11. O-O Qc8 12. Rc1 Qb7 13. Qc2 Ra7 14. Nc3 Ne4 15.
Na4 Bd5 16. Rab1 Nc6 17. e3 O-O 18. Ne1 f5 19. f3 Nf6 20. Nc5 Qb6 21. Ned3 Nb8
22. b4 axb4 23. Nxb4 Qd6 24. Nxd5 Nxd5 25. Rb3 Nc6 26. f4 Rfa8 27. a4 Na5 28.
Ra3 Nb7 29. Qd2 c6 30. Bf1 Nf6 31. Qa2 Nxc5 32. Rxc5 Ra5 33. Rxa5 Rxa5 34. Qb2
Kf7 35. Bc4 Ne4 36. Ra1 Qc7 37. Qc2 Qa7 38. g4 g6 39. gxf5 gxf5 40. Bb3 Qb6 41.
Kh1 Ra8 42. Rg1 Rg8 43. Rxg8 Kxg8 44. Qg2+ Kh8 45. Bc2 Nf6 46. Qg5 Ng8 47. Qg1
Qb4 48. Qd1 Nf6 49. Kg2 Nd5 50. Kf3 Qc3 51. Qd3 Qe1 52. Bb3 Qh1+ 53. Kf2 Qxh2+
54. Ke1 Qh1+ 55. Kd2 Qa1 56. Qc2 Qa3 57. Bxd5 cxd5 58. Qc5 Qa2+ 59. Ke1 Kg7 60.
a5 Kg6 61. Qe7 Qxa5+ 62. Ke2 Qb5+ 63. Kf2 Qc6 64. Qe8+ Kg7 65. Qe7+ Kg6 66. Kg3
Qc8 67. Kh4 h6 68. Kh3 d6 69. Kh4 Qg8 70. Kh3 Qf7 71. Qxd6 Kh5 72. Qd8 Qg7 73.
Qh4+ Kg6 74. Qd8 Kh7 75. Kh2 h5 76. Qe8 Qg6 77. Qe7+ Kh6 78. Qf8+ Qg7 79. Qe8
Qf6 80. Qg8 h4 81. Qe8 Kg7 82. Kh3 Kh7 83. Qh5+ Kg7 84. Qxh4 1/2-1/2

[Event "CCM7 - 14. ORDIX Open"]
[Site "Mainz"]
[Date "2007.??.??"]
[Round "9"]
[White "Burmakin, Vladimir"]
[Black "Almasi, Zoltan"]
[Result "1/2-1/2"]
[WhiteElo "2592"]
[BlackElo "2682"]
[PlyCount "55"]
[EventDate "2007.??.??"]
[EventType "rapid"]
[EventRounds "11"]
[EventCountry "GER"]
[Source "Mike Rosa"]
[SourceDate "2009.01.01"]

1. d4 Nf6 2. g3 d5 3. Nf3 c6 4. Bg2 Bf5 5. Nh4 Be4 6. f3 Bg6 7. Nxg6 hxg6 8. c3
Nbd7 9. Be3 e5 10. Qb3 Qc7 11. Bf2 Bd6 12. Nd2 O-O 13. O-O c5 14. dxe5 Nxe5 15.
c4 d4 16. e3 dxe3 17. Bxe3 Nc6 18. Kh1 Rfe8 19. f4 Nd4 20. Bxd4 cxd4 21. Qxb7
Qxb7 22. Bxb7 Rab8 23. Bc6 Re2 24. Nb3 Ng4 25. Bf3 Rxh2+ 26. Kg1 Rh3 27. Kg2
Rh2+ 28. Kg1 1/2-1/2

[Event "CCM7 - 14. ORDIX Open"]
[Site "Mainz"]
[Date "2007.??.??"]
[Round "9"]
[White "Jenni, Florian"]
[Black "Sargissian, Gabriel"]
[Result "0-1"]
[WhiteElo "2527"]
[BlackElo "2667"]
[PlyCount "85"]
[EventDate "2007.??.??"]
[EventType "rapid"]
[EventRounds "11"]
[EventCountry "GER"]
[Source "Mike Rosa"]
[SourceDate "2009.01.01"]

1. e4 e5 2. Nf3 Nc6 3. Bb5 Nf6 4. d3 Bc5 5. O-O Nd4 6. Nxd4 Bxd4 7. Nd2 c6 8.
Ba4 Bb6 9. Bb3 d6 10. Nc4 Bc7 11. Qf3 h6 12. Ne3 g6 13. h3 Qe7 14. a4 Be6 15.
Bxe6 Qxe6 16. c3 Nh5 17. Nc2 O-O-O 18. Qg4 Ng7 19. Qxe6+ Nxe6 20. Be3 a6 21. d4
f5 22. dxe5 dxe5 23. f3 Rd3 24. exf5 gxf5 25. Rfe1 Rhd8 26. Re2 Rg8 27. Kf1 f4
28. Bf2 Ng7 29. Rae1 Nf5 30. Na1 Rd7 31. Nb3 Rdg7 32. Rxe5 Bxe5 33. Rxe5 Rg5
34. Re4 Rxg2 35. Rxf4 Nd6 36. Nd2 Rh2 37. Rg4 Rg5 38. Be3 Rd5 39. Ke1 Nf5 40.
Rg8+ Kd7 41. Bf4 Rxh3 42. Ke2 Rh4 43. Rg4 0-1

[Event "CCM7 - 14. ORDIX Open"]
[Site "Mainz"]
[Date "2007.??.??"]
[Round "9"]
[White "Kamsky, Gata"]
[Black "Balogh, Csaba"]
[Result "0-1"]
[WhiteElo "2717"]
[BlackElo "2567"]
[PlyCount "86"]
[EventDate "2007.??.??"]
[EventType "rapid"]
[EventRounds "11"]
[EventCountry "GER"]
[Source "Mike Rosa"]
[SourceDate "2009.01.01"]

1. e4 c5 2. Nf3 d6 3. d4 cxd4 4. Nxd4 Nf6 5. Nc3 Nc6 6. Bg5 e6 7. Qd2 Be7 8.
O-O-O O-O 9. Nb3 Qb6 10. f3 a6 11. g4 Qc7 12. Bf4 Ne5 13. g5 Nfd7 14. Qg2 b5
15. h4 b4 16. Ne2 a5 17. Nbd4 a4 18. Kb1 Ba6 19. g6 Nxg6 20. Bg5 Bxg5 21. Qxg5
Qc5 22. Qg3 Rfc8 23. h5 Nge5 24. Rg1 g6 25. hxg6 hxg6 26. f4 b3 27. cxb3 axb3
28. Nc3 Bxf1 29. fxe5 bxa2+ 30. Ka1 dxe5 31. Nxe6 Qe7 32. Ng5 Nc5 33. Nd5 Qxg5
34. Rdxf1 Qxg3 35. Rxg3 Rcb8 36. b4 Nxe4 37. Re3 Nd2 38. Rd1 Nc4 39. Re4 Nb6
40. Ne7+ Kf8 41. Rxe5 Re8 42. Rde1 Nc4 43. R5e2 Na3 0-1

[Event "CCM7 - 14. ORDIX Open"]
[Site "Mainz"]
[Date "2007.??.??"]
[Round "9"]
[White "Lysyj, Igor"]
[Black "Mamedyarov, Shakhriyar"]
[Result "1-0"]
[WhiteElo "2578"]
[BlackElo "2755"]
[PlyCount "103"]
[EventDate "2007.??.??"]
[EventType "rapid"]
[EventRounds "11"]
[EventCountry "GER"]
[Source "Mike Rosa"]
[SourceDate "2009.01.01"]

1. d4 g6 2. c4 Bg7 3. Nf3 d6 4. Nc3 Bg4 5. e3 e5 6. dxe5 Bxe5 7. Qa4+ Bd7 8.
Qb3 Bc6 9. Nxe5 dxe5 10. e4 Nf6 11. f3 Nbd7 12. Be3 O-O 13. g4 Qe7 14. Be2 Rfd8
15. O-O-O Nf8 16. Nd5 Bxd5 17. cxd5 c6 18. dxc6 bxc6 19. Rxd8 Rxd8 20. Bc4 c5
21. Rd1 Rc8 22. Qd3 Ne8 23. Qd5 Kg7 24. Kb1 h6 25. g5 h5 26. h4 Kg8 27. Bf2 Nc7
28. Qd6 Qxd6 29. Rxd6 Nce6 30. Bg3 Nf4 31. Bxf4 exf4 32. Rf6 Rc7 33. Rxf4 Kg7
34. Rf6 Nh7 35. Rd6 f6 36. f4 fxg5 37. hxg5 h4 38. Rd8 Nf8 39. f5 gxf5 40. exf5
Nd7 41. Rg8+ Kh7 42. g6+ Kh6 43. Rh8+ Kg5 44. g7 Nf6 45. g8=Q+ Nxg8 46. Rxg8+
Kxf5 47. Rh8 Kg4 48. Rg8+ Kf4 49. Rf8+ Kg3 50. Rf7 Rc8 51. Rxa7 h3 52. Ra3+ 1-0

[Event "CCM7 - 14. ORDIX Open"]
[Site "Mainz"]
[Date "2007.??.??"]
[Round "9"]
[White "Meinhardt, Maximilian"]
[Black "Sasikiran, Krishnan"]
[Result "0-1"]
[WhiteElo "2378"]
[BlackElo "2674"]
[PlyCount "62"]
[EventDate "2007.??.??"]
[EventType "rapid"]
[EventRounds "11"]
[EventCountry "GER"]
[Source "Mike Rosa"]
[SourceDate "2009.01.01"]

1. e4 c5 2. Nc3 a6 3. g3 b5 4. Bg2 Bb7 5. d3 e6 6. f4 d5 7. e5 Nh6 8. Nf3 Nf5
9. Qe2 Nc6 10. Qf2 h5 11. O-O Qc7 12. Ne2 d4 13. Bd2 Be7 14. a4 b4 15. h3 O-O-O
16. Rfc1 c4 17. Be1 c3 18. bxc3 dxc3 19. Kh2 Rd5 20. Qg1 f6 21. exf6 gxf6 22.
Bf2 Rg8 23. Ne1 Qd7 24. d4 Rd8 25. Rd1 Na5 26. Nd3 Nc4 27. Bf3 a5 28. Bxh5 Nxd4
29. Nxd4 Rxh5 30. Nb5 Rxh3+ 31. Kxh3 Rh8+ 0-1

[Event "CCM7 - 14. ORDIX Open"]
[Site "Mainz"]
[Date "2007.??.??"]
[Round "10"]
[White "Almasi, Zoltan"]
[Black "Gyimesi, Zoltan"]
[Result "1/2-1/2"]
[WhiteElo "2682"]
[BlackElo "2607"]
[PlyCount "46"]
[EventDate "2007.??.??"]
[EventType "rapid"]
[EventRounds "11"]
[EventCountry "GER"]
[Source "Mike Rosa"]
[SourceDate "2009.01.01"]

1. e4 e5 2. Nf3 Nc6 3. Bb5 a6 4. Ba4 Nf6 5. O-O Be7 6. Re1 b5 7. Bb3 O-O 8. h3
Bb7 9. d3 d6 10. a3 Na5 11. Ba2 c5 12. Nbd2 Nc6 13. Nf1 Bc8 14. Ne3 Be6 15. Bd5
Qd7 16. c3 Bd8 17. b4 cxb4 18. axb4 Bxd5 19. exd5 Ne7 20. c4 Bb6 21. Bb2 a5 22.
bxa5 Bxa5 23. Rf1 bxc4 1/2-1/2

[Event "CCM7 - 14. ORDIX Open"]
[Site "Mainz"]
[Date "2007.??.??"]
[Round "10"]
[White "Balogh, Csaba"]
[Black "Mchedlishvili, Mikheil"]
[Result "0-1"]
[WhiteElo "2567"]
[BlackElo "2624"]
[PlyCount "62"]
[EventDate "2007.??.??"]
[EventType "rapid"]
[EventRounds "11"]
[EventCountry "GER"]
[Source "Mike Rosa"]
[SourceDate "2009.01.01"]

1. e4 c6 2. d4 d5 3. e5 Bf5 4. h4 Qb6 5. g4 Bd7 6. c3 c5 7. Bh3 h5 8. gxh5 Bxh3
9. Rxh3 e6 10. Na3 Nc6 11. Nc2 Nge7 12. a3 Nf5 13. Nf3 Rxh5 14. b4 cxd4 15.
Ncxd4 g6 16. Bg5 Nfxd4 17. cxd4 Be7 18. Rg3 a5 19. Qa4 Bxg5 20. Rxg5 Rxg5 21.
hxg5 Kf8 22. b5 Ne7 23. Rc1 Nf5 24. Rc5 Kg7 25. Kf1 Qd8 26. Qc2 Qh8 27. Rc7
Qh3+ 28. Ke2 Qg4 29. Qd3 Rh8 30. Rc3 Rh3 31. Kd2 Nh4 0-1

[Event "CCM7 - 14. ORDIX Open"]
[Site "Mainz"]
[Date "2007.??.??"]
[Round "10"]
[White "Ruck, Robert"]
[Black "Ivanchuk, Vassily"]
[Result "1/2-1/2"]
[WhiteElo "2563"]
[BlackElo "2766"]
[PlyCount "75"]
[EventDate "2007.??.??"]
[EventType "rapid"]
[EventRounds "11"]
[EventCountry "GER"]
[Source "Mike Rosa"]
[SourceDate "2009.01.01"]

1. Nf3 Nf6 2. c4 b6 3. g3 c5 4. Bg2 Bb7 5. O-O e6 6. Nc3 Be7 7. Re1 d6 8. e4 a6
9. d4 cxd4 10. Nxd4 Qc7 11. Be3 O-O 12. f4 Nc6 13. Rc1 Nxd4 14. Qxd4 Nd7 15.
Qd2 Rac8 16. Red1 Rfd8 17. Qf2 Qb8 18. b3 Bc6 19. b4 b5 20. cxb5 axb5 21. Bd4
Nf6 22. Qe2 e5 23. Bf2 Bd7 24. a3 Rc4 25. fxe5 dxe5 26. Nd5 Nxd5 27. exd5 Bg4
28. Bf3 Bxf3 29. Qxf3 Rdc8 30. Rxc4 Rxc4 31. Bc5 Bd6 32. Rf1 f6 33. Qf5 Bxc5+
34. bxc5 Rxc5 35. Qe6+ Kf8 36. Rxf6+ gxf6 37. Qxf6+ Kg8 38. Qe6+ 1/2-1/2

[Event "CCM7 - 14. ORDIX Open"]
[Site "Mainz"]
[Date "2007.??.??"]
[Round "10"]
[White "Saltaev, Mihail"]
[Black "Volokitin, Andrei"]
[Result "0-1"]
[WhiteElo "2522"]
[BlackElo "2698"]
[PlyCount "90"]
[EventDate "2007.??.??"]
[EventType "rapid"]
[EventRounds "11"]
[EventCountry "GER"]
[Source "Mike Rosa"]
[SourceDate "2009.01.01"]

1. e4 c5 2. Nf3 d6 3. d4 cxd4 4. Nxd4 Nf6 5. Nc3 a6 6. Bc4 e6 7. a4 Nxe4 8.
Nxe4 d5 9. Bg5 Be7 10. Qg4 Bxg5 11. Nxg5 Qa5+ 12. c3 dxc4 13. Ndf3 Qc7 14.
O-O-O h6 15. Ne4 O-O 16. Nd6 b5 17. axb5 axb5 18. Nxb5 Qc5 19. Nd6 Qxf2 20. Kb1
Nc6 21. Qxc4 Ba6 22. Qe4 Rfb8 23. Rd2 Qa7 24. Ne1 Bb5 25. Nxb5 Rxb5 26. Nd3
Qa2+ 27. Kc1 Qb3 28. Rdd1 Rd5 29. Kb1 Rad8 30. Rd2 Rb8 31. Rc1 Ne5 32. Rcc2 Nc4
33. Kc1 Qa2 34. Kd1 Nxd2 35. Rxd2 Qb1+ 36. Ke2 Rbb5 37. Qf4 Rf5 38. Qg3 Rg5 39.
Qf3 Rbf5 40. Qa8+ Kh7 41. Rd1 Re5+ 42. Nxe5 Rxe5+ 43. Kd2 Rd5+ 44. Qxd5 Qxb2+
45. Ke3 exd5 0-1

[Event "CCM7 - 14. ORDIX Open"]
[Site "Mainz"]
[Date "2007.??.??"]
[Round "10"]
[White "Sargissian, Gabriel"]
[Black "Lysyj, Igor"]
[Result "1/2-1/2"]
[WhiteElo "2667"]
[BlackElo "2578"]
[PlyCount "94"]
[EventDate "2007.??.??"]
[EventType "rapid"]
[EventRounds "11"]
[EventCountry "GER"]
[Source "Mike Rosa"]
[SourceDate "2009.01.01"]

1. d4 e6 2. c4 Nf6 3. Nf3 b6 4. g3 Bb7 5. Bg2 Bb4+ 6. Bd2 a5 7. O-O O-O 8. Nc3
Ne4 9. Nxe4 Bxe4 10. Bf4 Be7 11. d5 Bf6 12. Qd2 Na6 13. Rad1 Nc5 14. b3 d6 15.
Bh3 e5 16. Be3 h6 17. Ne1 Bh7 18. f3 Bg5 19. Bxg5 Qxg5 20. Qxg5 hxg5 21. e4 g6
22. Nd3 Nxd3 23. Rxd3 f5 24. Rc3 Kg7 25. a3 Kf6 26. Bg2 Bg8 27. Rb1 Rfc8 28.
Bf1 c6 29. dxc6 Rxc6 30. a4 Be6 31. Rd1 Rd8 32. Rcd3 Ke7 33. R3d2 Rcc8 34. Bd3
Rh8 35. Bf1 Rhd8 36. h3 Rd7 37. g4 f4 38. Kf2 Rdd8 39. Ke2 Rc6 40. Kd3 Kd7 41.
Kc3 Kc7 42. Rh2 Rh8 43. Rhd2 Rd8 44. Kb2 Rc5 45. Rh2 Rh8 46. Kc3 Rc6 47. Rhd2
Rd8 1/2-1/2

[Event "CCM7 - 14. ORDIX Open"]
[Site "Mainz"]
[Date "2007.??.??"]
[Round "10"]
[White "Sprenger, Jan Michael"]
[Black "Grischuk, Alexander"]
[Result "0-1"]
[WhiteElo "2535"]
[BlackElo "2726"]
[PlyCount "52"]
[EventDate "2007.??.??"]
[EventType "rapid"]
[EventRounds "11"]
[EventCountry "GER"]
[Source "Mike Rosa"]
[SourceDate "2009.01.01"]

1. e4 d6 2. d4 Nf6 3. Nc3 g6 4. Be3 a6 5. Qd2 b5 6. Bd3 Bb7 7. f3 Nbd7 8. a4 b4
9. Nce2 c5 10. c3 bxc3 11. bxc3 Bg7 12. a5 O-O 13. Nh3 Qc7 14. O-O e5 15. d5 c4
16. Bc2 Nc5 17. Rfb1 Bc8 18. Nf2 Bd7 19. Nc1 Bb5 20. Nd1 Nh5 21. Nb2 f5 22. Na4
Bxa4 23. Bxa4 fxe4 24. Bc6 Rad8 25. Bxc5 dxc5 26. fxe4 Qxc6 0-1

[Event "CCM7 - 14. ORDIX Open"]
[Site "Mainz"]
[Date "2007.??.??"]
[Round "11"]
[White "Drozdovskij, Yuri"]
[Black "Sargissian, Gabriel"]
[Result "1-0"]
[WhiteElo "2572"]
[BlackElo "2667"]
[PlyCount "105"]
[EventDate "2007.??.??"]
[EventType "rapid"]
[EventRounds "11"]
[EventCountry "GER"]
[Source "Mike Rosa"]
[SourceDate "2009.01.01"]

1. d4 Nf6 2. c4 e6 3. Nc3 Bb4 4. Qc2 d5 5. a3 Bxc3+ 6. Qxc3 Ne4 7. Qc2 c5 8.
dxc5 Nc6 9. e3 Qa5+ 10. Bd2 Nxd2 11. Qxd2 dxc4 12. Qxa5 Nxa5 13. Rc1 b5 14.
cxb6 Bb7 15. bxa7 Ke7 16. Ne2 Rxa7 17. Nc3 Rb8 18. Na2 Bd5 19. Nb4 Nc6 20.
Nxc6+ Bxc6 21. Rxc4 Bd5 22. Rc2 Rb3 23. f3 Rxe3+ 24. Kd2 Rb3 25. Be2 g5 26. Kc1
g4 27. Rf1 h5 28. Bc4 Bxc4 29. Rxc4 Rab7 30. Rf2 f5 31. f4 Re3 32. Kc2 h4 33.
Rc3 Re1 34. b4 Rd7 35. Kb3 Rb1+ 36. Rb2 Rf1 37. g3 h3 38. b5 e5 39. fxe5 f4 40.
gxf4 Rxf4 41. Rc4 Rf3+ 42. Kb4 g3 43. hxg3 Rxg3 44. b6 Rb7 45. Kb5 Rxa3 46. Kc6
Rd7 47. b7 Ra6+ 48. Rb6 h2 49. Rh4 Ra1 50. b8=Q Rc1+ 51. Kb5 Rd5+ 52. Kb4 Rd4+
53. Rxd4 1-0

[Event "CCM7 - 14. ORDIX Open"]
[Site "Mainz"]
[Date "2007.??.??"]
[Round "11"]
[White "Harikrishna, Pentala"]
[Black "Ruck, Robert"]
[Result "1-0"]
[WhiteElo "2664"]
[BlackElo "2563"]
[PlyCount "131"]
[EventDate "2007.??.??"]
[EventType "rapid"]
[EventRounds "11"]
[EventCountry "GER"]
[Source "Mike Rosa"]
[SourceDate "2009.01.01"]

1. d4 Nf6 2. c4 g6 3. Nc3 d5 4. cxd5 Nxd5 5. e4 Nxc3 6. bxc3 Bg7 7. Bc4 c5 8.
Ne2 Nc6 9. Be3 O-O 10. O-O Qc7 11. Rc1 Rd8 12. Bf4 Qd7 13. dxc5 Qe8 14. Bd5 Bd7
15. Qd3 e6 16. Bxc6 Bxc6 17. Bd6 b6 18. Qe3 e5 19. c4 bxc5 20. Bxc5 Qe6 21. Nc3
Qxc4 22. Nd5 Bxd5 23. Rxc4 Bxc4 24. Rc1 Bxa2 25. Bxa7 Be6 26. h3 Rd7 27. Bb6
Rb8 28. Ba5 h6 29. Bc3 Rdb7 30. Kh2 Kh7 31. Ba1 Rb3 32. Qd2 R3b5 33. Rc6 Ra8
34. Bc3 Ra2 35. Qe3 Rb3 36. Rb6 Rba3 37. Qc5 Ra4 38. Rb4 Ra5 39. Qe3 R5a3 40.
Qc1 Ra8 41. Bb2 Rc8 42. Qd2 Rc5 43. Rb8 h5 44. h4 Rc4 45. Qd3 Raa4 46. Qd8 Rc2
47. Qd1 Rac4 48. Kg1 Bg4 49. Qd3 Rc5 50. Rb3 Rc8 51. Bc3 Ra2 52. Bd2 Ra1+ 53.
Rb1 Ra4 54. Be3 Be6 55. Rc1 Rb8 56. Bg5 Rd4 57. Qe3 Rbb4 58. f3 Rb2 59. Qc3 Ra2
60. Qc5 Rda4 61. Rc2 Ra1+ 62. Kh2 Ra8 63. Qe7 R1a5 64. Rc7 Ra2 65. Bf6 Bf8 66.
Qxe6 1-0

[Event "CCM7 - 14. ORDIX Open"]
[Site "Mainz"]
[Date "2007.??.??"]
[Round "11"]
[White "Karjakin, Sergey"]
[Black "Khenkin, Igor"]
[Result "1/2-1/2"]
[WhiteElo "2678"]
[BlackElo "2602"]
[PlyCount "38"]
[EventDate "2007.??.??"]
[EventType "rapid"]
[EventRounds "11"]
[EventCountry "GER"]
[Source "Mike Rosa"]
[SourceDate "2009.01.01"]

1. e4 c6 2. d4 d5 3. e5 c5 4. dxc5 Nc6 5. Bb5 e6 6. Be3 Nge7 7. c3 Bd7 8. Bxc6
Bxc6 9. Nf3 Nf5 10. Bd4 a5 11. a4 Nxd4 12. Qxd4 Be7 13. O-O O-O 14. Nbd2 Qc7
15. Ne1 f6 16. Nd3 fxe5 17. Nxe5 Bxa4 18. Qxa4 Qxe5 19. Rae1 Qf4 1/2-1/2

[Event "CCM7 - 14. ORDIX Open"]
[Site "Mainz"]
[Date "2007.??.??"]
[Round "11"]
[White "Lysyj, Igor"]
[Black "Almasi, Zoltan"]
[Result "0-1"]
[WhiteElo "2578"]
[BlackElo "2682"]
[PlyCount "108"]
[EventDate "2007.??.??"]
[EventType "rapid"]
[EventRounds "11"]
[EventCountry "GER"]
[Source "Mike Rosa"]
[SourceDate "2009.01.01"]

1. d4 Nf6 2. c4 e6 3. Nf3 b6 4. g3 Ba6 5. Qb3 Nc6 6. Nbd2 Bb7 7. e3 Bb4 8. Bg2
Bxd2+ 9. Bxd2 Ne7 10. O-O O-O 11. Rfd1 Be4 12. Bc3 d5 13. Bb4 a5 14. Bxe7 Qxe7
15. Rac1 a4 16. Qc3 Rfc8 17. a3 c5 18. cxd5 Nxd5 19. Qd2 Qb7 20. Ne1 Bxg2 21.
Nxg2 h6 22. dxc5 Rxc5 23. e4 Ne7 24. Rxc5 bxc5 25. Qd7 Rb8 26. Ne3 Nc6 27. Qxb7
Rxb7 28. Rc1 Rxb2 29. Rxc5 Nd4 30. Rc4 Nf3+ 31. Kg2 Ne1+ 32. Kg1 Nd3 33. f4 Ne1
34. Rxa4 Nf3+ 35. Kf1 Nxh2+ 36. Ke1 Nf3+ 37. Kf1 g5 38. f5 h5 39. fxe6 fxe6 40.
e5 Nxe5 41. Re4 Rb5 42. a4 Ra5 43. Nc4 Nxc4 44. Rxc4 Kf7 45. Kf2 Kf6 46. Kf3
Kf5 47. Ke3 e5 48. Kd3 Rd5+ 49. Ke3 Rd1 50. Kf2 Ra1 51. Rb4 Ra2+ 52. Kf1 e4 53.
Rc4 Kg4 54. Rxe4+ Kf3 0-1

[Event "CCM7 - 14. ORDIX Open"]
[Site "Mainz"]
[Date "2007.??.??"]
[Round "11"]
[White "Mchedlishvili, Mikheil"]
[Black "Grischuk, Alexander"]
[Result "1-0"]
[WhiteElo "2624"]
[BlackElo "2726"]
[PlyCount "104"]
[EventDate "2007.??.??"]
[EventType "rapid"]
[EventRounds "11"]
[EventCountry "GER"]
[Source "Mike Rosa"]
[SourceDate "2009.01.01"]

1. d4 d6 2. Nf3 Nf6 3. c4 g6 4. Nc3 Bf5 5. Nh4 Bd7 6. e4 Bg7 7. Nf3 O-O 8. Be2
c5 9. d5 e6 10. O-O exd5 11. exd5 Bg4 12. h3 Bxf3 13. Bxf3 Nbd7 14. Qc2 Ne8 15.
Be2 Nc7 16. Bd2 f5 17. f4 Nf6 18. Rae1 Qd7 19. Bd3 Kh8 20. b3 Rae8 21. Rxe8
Rxe8 22. Re1 b5 23. Rxe8+ Qxe8 24. Ne2 b4 25. Ng3 a5 26. Qd1 Kg8 27. Qe2 Qd7
28. Bc2 Qd8 29. Nf1 Nd7 30. g4 fxg4 31. hxg4 Qf6 32. Bd3 Bf8 33. g5 Qa1 34. Be1
Qd4+ 35. Qe3 Qa1 36. Qe2 Qd4+ 37. Qe3 Qa1 38. Qe2 Qg7 39. Kg2 Qf7 40. Bg3 Ne8
41. Ne3 Ng7 42. Qg4 Nh5 43. Bh2 Bg7 44. Qe6 Bf8 45. f5 Ne5 46. Bc2 Ng7 47.
Qxf7+ Nxf7 48. fxg6 hxg6 49. Bxg6 Nxg5 50. Bf4 Be7 51. Kg3 Nh7 52. Ng4 Nf8 1-0

[Event "CCM7 - 14. ORDIX Open"]
[Site "Mainz"]
[Date "2007.??.??"]
[Round "11"]
[White "Moiseenko, Alexander"]
[Black "Iljin, Artem"]
[Result "1-0"]
[WhiteElo "2641"]
[BlackElo "2569"]
[PlyCount "67"]
[EventDate "2007.??.??"]
[EventType "rapid"]
[EventRounds "11"]
[EventCountry "GER"]
[Source "Mike Rosa"]
[SourceDate "2009.01.01"]

1. d4 Nf6 2. c4 e6 3. Nc3 Bb4 4. Nf3 b6 5. Bg5 Bb7 6. Nd2 h6 7. Bh4 Be7 8. e4
Nxe4 9. Bxe7 Nxc3 10. Bxd8 Nxd1 11. Bxc7 Nxb2 12. a4 d5 13. cxd5 exd5 14. Rb1
Nc4 15. Nxc4 dxc4 16. Bxc4 Kd7 17. Bf4 Rc8 18. Bd3 Kd8 19. Kd2 Nd7 20. Rhe1 Nf6
21. Bd6 Bd5 22. f3 Bc4 23. Be7+ Kd7 24. Bxf6 Bxd3 25. Re7+ Kd6 26. Kxd3 gxf6
27. Rxf7 Rf8 28. Rh7 Rh8 29. Rxh8 Rxh8 30. Rb5 h5 31. a5 Kc6 32. Rf5 Rh6 33. g3
b5 34. Rc5+ 1-0

[Event "CCM7 - 14. ORDIX Open"]
[Site "Mainz"]
[Date "2007.??.??"]
[Round "11"]
[White "Volokitin, Andrei"]
[Black "Gyimesi, Zoltan"]
[Result "1-0"]
[WhiteElo "2698"]
[BlackElo "2607"]
[PlyCount "109"]
[EventDate "2007.??.??"]
[EventType "rapid"]
[EventRounds "11"]
[EventCountry "GER"]
[Source "Mike Rosa"]
[SourceDate "2009.01.01"]

1. d4 Nf6 2. c4 e6 3. g3 Bb4+ 4. Bd2 Be7 5. Bg2 d5 6. Nf3 O-O 7. O-O c6 8. Qc2
b6 9. Bf4 Ba6 10. Nbd2 Nbd7 11. e4 Nxe4 12. Nxe4 dxe4 13. Ne5 Nxe5 14. dxe5 Qd3
15. Rac1 Qxc2 16. Rxc2 Rad8 17. Be3 c5 18. Bxe4 Rd7 19. Bc6 Rc7 20. Bf3 Rd8 21.
Rd1 Rxd1+ 22. Bxd1 Kf8 23. Bf3 Ke8 24. Kg2 g6 25. h4 h5 26. b3 Rd7 27. Rd2 Bb7
28. Bxb7 Rxb7 29. Kf3 Rd7 30. Ke4 Rxd2 31. Bxd2 Kd7 32. Bh6 Kc6 33. Bg7 Kd7 34.
Kf4 Kc6 35. f3 a6 36. Bf6 Bxf6 37. exf6 Kd6 38. Kg5 Ke5 39. f4+ Kd6 40. Kh6 e5
41. fxe5+ Kxe5 42. Kg7 Ke6 43. a3 b5 44. cxb5 axb5 45. a4 c4 46. a5 cxb3 47. a6
b2 48. a7 b1=Q 49. a8=Q Qb2 50. Qe8+ Kf5 51. Qxf7 b4 52. Qxg6+ Ke6 53. Qe4+ Kd7
54. Kg6 b3 55. Qf5+ 1-0

[Event "CCM8 - 15. ORDIX Open"]
[Site "Mainz"]
[Date "2008.??.??"]
[Round "1"]
[White "Berberich, Christoph"]
[Black "Najer, E."]
[Result "0-1"]
[WhiteElo "2083"]
[BlackElo "2680"]
[PlyCount "71"]
[EventDate "2008.??.??"]
[EventType "rapid"]
[EventRounds "11"]
[EventCountry "GER"]
[Source "Mike Rosa"]
[SourceDate "2009.01.01"]

1. d4 Nf6 2. Nf3 g6 3. c4 Bg7 4. Nc3 O-O 5. e4 d6 6. Be2 Nbd7 7. O-O e5 8. Be3
Ng4 9. Bg5 f6 10. Bc1 Nh6 11. h3 Kh8 12. Be3 Nf7 13. Qc2 c6 14. Rfd1 Qe8 15.
dxe5 dxe5 16. c5 Nd8 17. Nd2 Ne6 18. Nb3 f5 19. f3 Qe7 20. Na4 Nf6 21. Bd3 f4
22. Bf2 Ng5 23. Bc4 h5 24. Qd3 Nf7 25. Bxf7 Qxf7 26. Qd6 Re8 27. Qd2 g5 28. Qc3
g4 29. hxg4 hxg4 30. Kf1 Be6 31. Nd2 Rad8 32. Ke2 Kg8 33. b3 g3 34. Bg1 Qh5 35.
Nc4 Nxe4 36. Qb2 0-1

[Event "CCM8 - 15. ORDIX Open"]
[Site "Mainz"]
[Date "2008.??.??"]
[Round "1"]
[White "Bubis, Leonidas"]
[Black "Eljanov, Pavel"]
[Result "0-1"]
[WhiteElo "2086"]
[BlackElo "2716"]
[PlyCount "96"]
[EventDate "2008.??.??"]
[EventType "rapid"]
[EventRounds "11"]
[EventCountry "GER"]
[Source "Mike Rosa"]
[SourceDate "2009.01.01"]

1. e4 c5 2. Nf3 Nc6 3. g3 g6 4. Bg2 Bg7 5. O-O d6 6. h3 Nf6 7. Re1 O-O 8. c3 e5
9. d3 h6 10. Nbd2 Be6 11. d4 exd4 12. cxd4 cxd4 13. Nb3 Bxb3 14. Qxb3 Qb6 15.
Bf4 Qxb3 16. axb3 Rfd8 17. Ra4 g5 18. Bd2 Nd7 19. h4 g4 20. Nh2 Nc5 21. Ra3 Nd3
22. Rea1 h5 23. Bf1 Nc5 24. Bg2 Re8 25. Bf4 Be5 26. b4 Nxb4 27. Rxa7 Rxa7 28.
Rxa7 Bxf4 29. gxf4 d3 30. Nf1 f5 31. exf5 Re1 32. Kh2 Kg7 33. Ra8 Nc2 34. Rd8
Ne4 35. Bxe4 Rxe4 36. Rxd6 Rxf4 37. Rxd3 Rxf2+ 38. Kg1 Rxf5 39. Ng3 Rb5 40. b3
Ne1 41. Rc3 Nf3+ 42. Kf2 Nxh4 43. Rd3 Ng6 44. Rd7+ Kh6 45. Rd3 h4 46. Ne4 Rb4
47. Nc5 g3+ 48. Kg2 Nf4+ 0-1